| 000 -LEADER |
| fixed length control field |
00460 a2200157 4500 |
| 008 - FIXED-LENGTH DATA ELEMENTS--GENERAL INFORMATION |
| fixed length control field |
230627b ||||| |||| 00| 0 eng d |
| 020 ## - INTERNATIONAL STANDARD BOOK NUMBER |
| International Standard Book Number |
9789389763232 |
| Terms of availability |
Rs400.00 |
| 041 0# - LANGUAGE CODE |
| Language code of text/sound track or separate title |
eng |
| 082 00 - DEWEY DECIMAL CLASSIFICATION NUMBER |
| Classification number |
623.873 |
| Item number |
G9775 |
| 100 ## - MAIN ENTRY--PERSONAL NAME |
| Personal name |
Gupta, Atul Kumar |
| 245 ## - TITLE STATEMENT |
| Title |
A Textbook of Marine Boilers / |
| 260 ## - PUBLICATION, DISTRIBUTION, ETC. (IMPRINT) |
| Place of publication, distribution, etc |
[S.I.] |
| Name of publisher, distributor, etc |
Blue Rose Publishers, |
| Date of publication, distribution, etc |
c2020. |
| 300 ## - PHYSICAL DESCRIPTION |
| Extent |
vii, 259 p. : |
| Other physical details |
ill. ; |
| Dimensions |
21 cm. |
| 650 #0 - SUBJECT ADDED ENTRY--TOPICAL TERM |
| Topical term or geographic name as entry element |
Marine Steam Boilers |
| 942 ## - ADDED ENTRY ELEMENTS (KOHA) |
| Source of classification or shelving scheme |
|
| Item type |
Books |